000
00297nam a22001337a 4500
008
190129b xxu||||| |||| 00| 0 eng d
020
_a
9781593851897
041
_a
eng
080
_a
159.9
100
_a
49
101
_a
PSI
245
_a
Psychotherapy with Women
_c
Mirkin, M.P
942
_2
udc
_c
BK
999
_c
53897
_d
53897